00676nam a22001937a 450000500170000001000150001702000260003203500140005803700090007208200060008110000320008724500390011926000440015827000730020230000190027594200200029499900190031495201490033320250408165100.0 aENG-144570 a9789389671809c150.00 aEN-128102 bDBAD aS aValloor, Reeja Jacob980459 aGreen Reads/cReeja Jacob Valloor  aThrissurbGreen books pvt limitedc2020 aGB Building , Civil Lane Road, AyyantholebThrissur cKeralae680003 a120pc21cm(pb) 2ddccENhSmVAL c210884d210884 001040708FICaJPbJPd2025-04-08eDelivery of Books Act Divisiong150.00l0oS VALpEN-128102r2025-04-08 00:00:00t1v150.00w2025-04-08yEN